[Event "7. Wunsiedel Schach-Festival Meistertur"]
[Site "Wunsiedel"]
[Date "2013.05.11"]
[Round "5.19"]
[White "Bartsch, Berthold"]
[Black "Hahn, Florian"]
[Result "1/2-1/2"]
[WhiteElo "2257"]
[BlackElo "2060"]
[PlyCount "103"]
[EventDate "2013.05.09"]

1. Nc3 e6 2. e4 c5 3. g3 Nc6 4. Bg2 g6 5. d3 Bg7 6. Be3 d6 7. Qd2 Nd4 8. Nd1
Rb8 9. c3 Nc6 10. h4 h5 11. Nh3 Nge7 12. O-O O-O 13. Bh6 e5 14. Bxg7 Kxg7 15.
f4 f5 16. Ne3 Be6 17. Ng5 Bd7 18. Rf2 Qc8 19. Re1 b5 20. Nd5 Ng8 21. fxe5 Nxe5
22. d4 Nf7 23. Nxf7 Rxf7 24. Qf4 Qf8 25. e5 dxe5 26. dxe5 Be6 27. Rd2 Rd8 28.
Red1 Rfd7 29. Nc7 Qe7 30. Nxb5 Rxd2 31. Rxd2 Rxd2 32. Qxd2 Bxa2 33. Qd6 Qxd6
34. exd6 Kf6 35. Bb7 Nh6 36. Nxa7 Nf7 37. Nc8 Be6 38. b4 cxb4 39. cxb4 Bxc8 40.
Bxc8 Nxd6 41. Bd7 g5 42. Kg2 gxh4 43. gxh4 Ke5 44. Ba4 f4 45. Bc2 Kd4 46. Bg6
Kc4 47. Kf3 Kxb4 48. Kxf4 Kc5 49. Bxh5 Kd5 50. Bg6 Ke6 51. Kg5 Nf7+ 52. Bxf7+
1/2-1/2

[Event "7. Wunsiedel Schach-Festival Meistertur"]
[Site "Wunsiedel"]
[Date "2013.05.11"]
[Round "5.15"]
[White "Cech, Pavel"]
[Black "Keller, Peter"]
[Result "1/2-1/2"]
[WhiteElo "2395"]
[BlackElo "2065"]
[PlyCount "88"]
[EventDate "2013.05.09"]

1. d4 d5 2. c4 c6 3. Nf3 Nf6 4. Nc3 dxc4 5. a4 Bf5 6. Ne5 Nbd7 7. Nxc4 Nb6 8.
Ne5 a5 9. f3 Nfd7 10. Nxd7 Nxd7 11. e4 Bg6 12. f4 e6 13. Bc4 Qh4+ 14. g3 Qh3
15. Bf1 Qh5 16. Be2 Qh3 17. Bf1 Qh5 18. Be2 Qh3 19. Bg4 Qg2 20. Bf3 Qh3 21. Bg4
Qg2 22. Qf3 Qxf3 23. Bxf3 Bb4 24. Bd2 Nf6 25. e5 Nd7 26. Ne4 Bxe4 27. Bxe4
Bxd2+ 28. Kxd2 Rd8 29. Ke3 Nb6 30. Rhd1 Ke7 31. b4 axb4 32. Rab1 Nd5+ 33. Bxd5
Rxd5 34. Rxb4 Rd7 35. Rdb1 Ra8 36. Rxb7 Rxa4 37. Rxd7+ Kxd7 38. Rb7+ Ke8 39.
Rb8+ Ke7 40. Rb7+ Ke8 41. g4 h5 42. gxh5 Ra3+ 43. Ke4 Rh3 44. Rb8+ Ke7 1/2-1/2

[Event "7. Wunsiedel Schach-Festival Meistertur"]
[Site "Wunsiedel"]
[Date "2013.05.11"]
[Round "5.12"]
[White "Feldtmann, Thomas"]
[Black "Grandadam, Nicolas"]
[Result "1/2-1/2"]
[WhiteElo "2290"]
[BlackElo "2338"]
[PlyCount "150"]
[EventDate "2013.05.09"]

1. d4 d5 2. c4 e6 3. Nc3 c6 4. Nf3 dxc4 5. a4 Bb4 6. e3 b5 7. Bd2 a5 8. axb5
Bxc3 9. Bxc3 cxb5 10. b3 Bb7 11. bxc4 b4 12. Bd2 Nf6 13. c5 O-O 14. Bb5 Qc7 15.
O-O Ba6 16. Bxa6 Rxa6 17. Ne5 Nbd7 18. Nc4 Rfa8 19. Qa4 e5 20. Rfc1 exd4 21.
exd4 Nd5 22. Nd6 N7f6 23. g3 h6 24. Re1 Rxd6 25. cxd6 Qxd6 26. Rec1 Qe6 27. Qb5
Qh3 28. Rxa5 Rxa5 29. Qxa5 Ng4 30. Qd8+ Kh7 31. Qh4 Qxh4 32. gxh4 Kg6 33. Rc5
Ngf6 34. Rb5 Kf5 35. f3 Ke6 36. Kf2 Nd7 37. h5 N7b6 38. Bc1 Kd6 39. Bd2 Kc6 40.
Rc5+ Kd6 41. Rc1 b3 42. Rb1 Nc4 43. Ke2 Nf6 44. Kd3 Nb6 45. Rxb3 Nbd5 46. Rb7
Ke6 47. Kc4 Nxh5 48. Rb5 Nhf6 49. Bc1 g5 50. h3 Kd6 51. Ba3+ Ke6 52. Bf8 Nd7
53. Bxh6 f6 54. Bf8 Nf4 55. Ba3 Nxh3 56. d5+ Kf7 57. Rb7 Ke8 58. d6 Nf4 59. Bb2
f5 60. Bc1 Ne6 61. Kd5 Nd8 62. Rxd7 Kxd7 63. Bxg5 Nc6 64. Bf4 Nb4+ 65. Ke5 Nd3+
66. Kxf5 Ne1 67. Ke4 Ke6 68. Be5 Ng2 69. f4 Nh4 70. Kd4 Ng6 71. Kc5 Kd7 72. Kd5
Nh4 73. Bc3 Ng2 74. Bd2 Nh4 75. Ke5 Nf3+ 1/2-1/2

[Event "7. Wunsiedel Schach-Festival Meistertur"]
[Site "Wunsiedel"]
[Date "2013.05.11"]
[Round "5.13"]
[White "Hahn, Markus"]
[Black "Singer, Christoph"]
[Result "1/2-1/2"]
[WhiteElo "2225"]
[BlackElo "2349"]
[PlyCount "29"]
[EventDate "2013.05.09"]

1. d4 d5 2. c4 e6 3. Nf3 Nf6 4. g3 Bb4+ 5. Bd2 Bd6 6. Bg2 c6 7. Qc2 Nbd7 8. O-O
O-O 9. Bg5 h6 10. Bxf6 Nxf6 11. Nbd2 b6 12. e4 dxe4 13. Nxe4 Nxe4 14. Qxe4 Bb7
15. Ne5 1/2-1/2

[Event "7. Wunsiedel Schach-Festival Meistertur"]
[Site "Wunsiedel"]
[Date "2013.05.11"]
[Round "5.5"]
[White "Kunin, Vitaly"]
[Black "Lampert, Jonas"]
[Result "1/2-1/2"]
[WhiteElo "2503"]
[BlackElo "2333"]
[PlyCount "94"]
[EventDate "2013.05.09"]

1. Nf3 d5 2. e3 Nf6 3. c4 c6 4. Nc3 e6 5. Qc2 Nbd7 6. b3 Bd6 7. Bb2 O-O 8. h3
a6 9. g4 h6 10. Rg1 e5 11. h4 d4 12. exd4 e4 13. g5 exf3 14. O-O-O hxg5 15.
hxg5 Nh5 16. Bd3 Re8 17. g6 f5 18. c5 Bf4 19. Bc4+ Kf8 20. Bf7 Re7 21. d5 Ndf6
22. d6 Rxf7 23. gxf7 Be6 24. Na4 Kxf7 25. Nb6 Rb8 26. Rde1 Qe8 27. Qc3 g5 28.
Qxf3 g4 29. Qh1 Kg6 30. Kb1 Qf7 31. d3 Bd5 32. Nxd5 Qxd5 33. Qxd5 Nxd5 34. Re6+
Kf7 35. Rge1 g3 36. fxg3 Bxg3 37. R1e2 f4 38. R6e5 Nhf6 39. Rf5 Kg6 40. Ree5
Bh4 41. Bc1 Nd7 42. Rxd5 cxd5 43. Rxf4 Bf6 44. b4 a5 45. a3 axb4 46. axb4 Rc8
47. Bb2 Bxb2 1/2-1/2

[Event "7. Wunsiedel Schach-Festival Meistertur"]
[Site "Wunsiedel"]
[Date "2013.05.11"]
[Round "5.11"]
[White "Plat, Vojtech"]
[Black "Rösemann, Rainer"]
[Result "1/2-1/2"]
[WhiteElo "2455"]
[BlackElo "2280"]
[PlyCount "29"]
[EventDate "2013.05.09"]

1. d4 Nf6 2. Nf3 e6 3. c4 b6 4. g3 Ba6 5. b3 Bb4+ 6. Bd2 Be7 7. Bg2 c6 8. Nc3
d5 9. Ne5 Nfd7 10. Nxd7 Nxd7 11. cxd5 cxd5 12. Rc1 O-O 13. O-O Rc8 14. Re1 Nf6
15. Rc2 1/2-1/2

[Event "7. Wunsiedel Schach-Festival Meistertur"]
[Site "Wunsiedel"]
[Date "2013.05.11"]
[Round "5.3"]
[White "Schröder, Jan-Christian"]
[Black "Maiwald, Jens-Uwe"]
[Result "1/2-1/2"]
[WhiteElo "2322"]
[BlackElo "2466"]
[PlyCount "67"]
[EventDate "2013.05.09"]

1. e4 c5 2. Nf3 e6 3. d4 cxd4 4. Nxd4 Nc6 5. Nc3 Qc7 6. Be2 a6 7. O-O Nf6 8.
Kh1 Nxd4 9. Qxd4 Bc5 10. Qd3 b5 11. f4 h5 12. Be3 Bxe3 13. Qxe3 Bb7 14. Qd4 h4
15. h3 Bc6 16. Rad1 Qb7 17. Bf3 b4 18. Nd5 exd5 19. exd5 O-O 20. dxc6 dxc6 21.
f5 Qb5 22. Qxh4 Rad8 23. Qf4 Qc5 24. Rd2 Rxd2 25. Qxd2 Qxf5 26. Qxb4 Qxc2 27.
Qc3 Qxc3 28. bxc3 Nd5 29. c4 Nb4 30. a3 Nc2 31. Bxc6 Nxa3 32. Bd5 Nc2 33. Rc1
Nb4 34. Be4 1/2-1/2

[Event "7. Wunsiedel Schach-Festival Meistertur"]
[Site "Wunsiedel"]
[Date "2013.05.11"]
[Round "5.2"]
[White "Seyb, Alexander"]
[Black "Buhmann, Rainer"]
[Result "1/2-1/2"]
[WhiteElo "2340"]
[BlackElo "2578"]
[PlyCount "106"]
[EventDate "2013.05.09"]

1. e4 e5 2. Nf3 Nc6 3. Bb5 Nf6 4. O-O Nxe4 5. Re1 Nd6 6. Nxe5 Be7 7. Bf1 Nxe5
8. Rxe5 O-O 9. d4 Bf6 10. Re1 Re8 11. c3 Rxe1 12. Qxe1 Qe7 13. Qxe7 Bxe7 14.
Nd2 Nf5 15. Nf3 d6 16. Bd3 h6 17. Bd2 Kf8 18. Kf1 Bf6 19. h3 Ne7 20. Nh2 Bf5
21. Bxf5 Nxf5 22. Nf3 Ne7 23. Ke2 Ng6 24. Kd3 Ke7 25. Re1+ Kd7 26. g3 Be7 27.
Ng1 d5 28. h4 h5 29. Ke3 b6 30. Nh3 c5 31. Kd3 f6 32. Nf4 Nxf4+ 33. Bxf4 c4+
34. Kc2 b5 35. f3 a5 36. a3 Rg8 37. Re2 Rf8 38. Be3 Ra8 39. Bf4 Ra6 40. g4 hxg4
41. fxg4 b4 42. a4 Rb6 43. h5 Bd8 44. Re1 Be7 45. Re2 bxc3 46. bxc3 Rb3 47. Bc1
Rb8 48. Bf4 Rb3 49. Bc1 Ba3 50. Bxa3 Rxa3 51. Kb2 Rb3+ 52. Kc2 Ra3 53. Kb2 Rb3+
1/2-1/2

[Event "7. Wunsiedel Schach-Festival Meistertur"]
[Site "Wunsiedel"]
[Date "2013.05.11"]
[Round "5.16"]
[White "Stips, Felix"]
[Black "Lorenz, Mark"]
[Result "1/2-1/2"]
[WhiteElo "2283"]
[BlackElo "2243"]
[PlyCount "45"]
[EventDate "2013.05.09"]

1. Nf3 Nf6 2. c4 e6 3. g3 b6 4. Bg2 Bb7 5. O-O c5 6. Nc3 Be7 7. d4 cxd4 8. Qxd4
d6 9. Rd1 a6 10. Bg5 Nbd7 11. Qd2 Qc7 12. b3 Rd8 13. Rac1 O-O 14. h3 Rfe8 15.
Qe3 Qb8 16. Bf4 Nh5 17. Bg5 Nhf6 18. g4 b5 19. cxb5 axb5 20. a4 bxa4 21. Nxa4
h6 22. Bh4 Nd5 23. Qd2 1/2-1/2

[Event "7. Wunsiedel Schach-Festival Meistertur"]
[Site "Wunsiedel"]
[Date "2013.05.11"]
[Round "5.4"]
[White "Wegerle, Jörg"]
[Black "Mihok, Oliver"]
[Result "1/2-1/2"]
[WhiteElo "2435"]
[BlackElo "2446"]
[PlyCount "35"]
[EventDate "2013.05.09"]

1. e4 g6 2. d4 Bg7 3. Nc3 Nc6 4. Be3 d5 5. exd5 Nb4 6. Nf3 Nf6 7. Bb5+ Bd7 8.
Qe2 Nbxd5 9. Nxd5 Nxd5 10. O-O O-O 11. Bd2 Bxb5 12. Qxb5 Nb6 13. Rad1 Re8 14.
Rfe1 c6 15. Qe2 a5 16. Bf4 a4 17. c4 e6 18. Be5 1/2-1/2

[Event "7. Wunsiedel Schach-Festival Meistertur"]
[Site "Wunsiedel"]
[Date "2013.05.11"]
[Round "5.9"]
[White "Hilverda, Alexander"]
[Black "Del Rio De Angelis, S."]
[Result "0-1"]
[WhiteElo "2339"]
[BlackElo "2484"]
[PlyCount "108"]
[EventDate "2013.05.09"]

1. d4 d6 2. Nf3 g6 3. c4 Bg7 4. Nc3 Bg4 5. e3 Nf6 6. Be2 O-O 7. h3 Bf5 8. O-O
Re8 9. b3 c5 10. Bb2 Na6 11. Re1 Nc7 12. Bf1 Ne4 13. g3 Rb8 14. Bg2 Qc8 15.
Nxe4 Bxe4 16. Qe2 b6 17. Nd2 Bxg2 18. Kxg2 b5 19. cxb5 cxd4 20. Bxd4 Bxd4 21.
exd4 Qb7+ 22. Qf3 Nxb5 23. Ne4 Kg7 24. Red1 Qd5 25. Nd2 Qxf3+ 26. Nxf3 Rbc8 27.
Rac1 e6 28. d5 Kf6 29. g4 e5 30. Nd2 Ke7 31. f4 Rxc1 32. Rxc1 exf4 33. a4 Kd7
34. axb5 Re2+ 35. Kf3 Rxd2 36. Ra1 Rxd5 37. Rxa7+ Ke6 38. Kxf4 Rxb5 39. Ra3 h5
40. Ke4 Rb4+ 41. Kf3 hxg4+ 42. hxg4 Ke5 43. g5 d5 44. Ra7 Rxb3+ 45. Kg4 f5+ 46.
gxf6 Kxf6 47. Ra6+ Ke5 48. Rxg6 d4 49. Rg8 Ke4 50. Re8+ Kd3 51. Kf3 Kd2+ 52.
Kf2 d3 53. Ra8 Rb7 54. Ra2+ Kc1 0-1

[Event "7. Wunsiedel Schach-Festival Meistertur"]
[Site "Wunsiedel"]
[Date "2013.05.11"]
[Round "5.6"]
[White "Klek, Hanna Marie"]
[Black "Miezis, Normunds"]
[Result "0-1"]
[WhiteElo "2267"]
[BlackElo "2543"]
[PlyCount "109"]
[EventDate "2013.05.09"]

1. e4 c5 2. Nf3 e6 3. d4 cxd4 4. Nxd4 a6 5. Bd3 Nc6 6. Nxc6 dxc6 7. Nd2 Qc7 8.
Qf3 e5 9. O-O Nf6 10. a4 Be6 11. Nc4 h5 12. h3 h4 13. Be3 Nd7 14. Rfd1 a5 15.
Bf1 Be7 16. Rd2 g6 17. Rad1 O-O 18. Rxd7 Bxd7 19. Bb6 Qc8 20. Nxe5 Be6 21. Nc4
Qb8 22. c3 Ra6 23. Qe3 c5 24. Bxc5 Bxc5 25. Qxc5 Rd8 26. Rxd8+ Qxd8 27. Ne3 Rd6
28. b4 axb4 29. cxb4 Rd4 30. e5 Rf4 31. a5 Qd2 32. Nc2 g5 33. b5 Qxa5 34. Qe7
Qd2 35. Qxg5+ Kf8 36. f3 Bf5 37. Qh6+ Kg8 38. Qg5+ Kh7 39. Qh5+ Kg7 40. Qg5+
Bg6 41. Bd3 Qxd3 42. Qxf4 Qd1+ 43. Kh2 Bxc2 44. Qxh4 Qd5 45. Qf6+ Kf8 46. b6
Ke8 47. h4 Kd7 48. h5 Qe6 49. Qf4 Ke8 50. Qe3 f6 51. f4 fxe5 52. fxe5 Qg4 53.
Qh3 Bf5 54. Qb3 Qxh5+ 55. Kg1 0-1

[Event "7. Wunsiedel Schach-Festival Meisterturn"]
[Site "Wunsiedel"]
[Date "2013.05.11"]
[Round "6.1"]
[White "Buhmann, Rainer"]
[Black "Chatalbashev, Boris"]
[Result "1-0"]
[WhiteElo "2578"]
[BlackElo "2553"]
[PlyCount "85"]
[EventDate "2013.05.09"]

1. Nf3 g6 2. e4 Bg7 3. d4 d6 4. c3 Nf6 5. Bd3 O-O 6. O-O c5 7. h3 Na6 8. a3
cxd4 9. cxd4 e5 10. Be3 exd4 11. Bxd4 Nc5 12. Nc3 Ne6 13. Be3 d5 14. exd5 Nxd5
15. Nxd5 Qxd5 16. Qc2 Bd7 17. Rad1 Rac8 18. Bxg6 Rxc2 19. Rxd5 hxg6 20. Rxd7
Rxb2 21. Bxa7 b6 22. Rb7 Ra8 23. Rd1 Bf6 24. a4 Rb4 25. Bxb6 Nc5 26. Ra7 Rxa7
27. Bxa7 Nxa4 28. Rd7 Nc3 29. g3 Ne4 30. Be3 Rb8 31. Kg2 Rd8 32. Ra7 Re8 33. h4
Bg7 34. Nh2 Nd6 35. Bf4 Ne4 36. Ng4 f5 37. Nh6+ Kh8 38. Nf7+ Kg8 39. Nh6+ Kh8
40. h5 Rf8 41. Re7 Rf6 42. hxg6 Rxg6 43. Nxf5 1-0

[Event "7. Wunsiedel Schach-Festival Meisterturn"]
[Site "Wunsiedel"]
[Date "2013.05.11"]
[Round "6.2"]
[White "Peralta, Fernando"]
[Black "Seyb, Alexander"]
[Result "1/2-1/2"]
[WhiteElo "2626"]
[BlackElo "2340"]
[PlyCount "59"]
[EventDate "2013.05.09"]

1. d4 Nf6 2. c4 e6 3. Nc3 Bb4 4. e3 O-O 5. Bd3 d5 6. Nf3 c5 7. O-O cxd4 8. exd4
dxc4 9. Bxc4 b6 10. Re1 Bb7 11. Bd3 Nbd7 12. a3 Be7 13. Qe2 Re8 14. Ne5 Rc8 15.
Bd2 a6 16. Rad1 b5 17. Bb1 Nb6 18. Bg5 Nbd5 19. Bxf6 Nxf6 20. Nxf7 Kxf7 21.
Qxe6+ Kf8 22. Ba2 Rc4 23. Bxc4 bxc4 24. Qxc4 Qc8 25. Qb3 Bxg2 26. Kxg2 Qg4+ 27.
Kh1 Qf3+ 28. Kg1 Qg4+ 29. Kh1 Qf3+ 30. Kg1 1/2-1/2

[Event "7. Wunsiedel Schach-Festival Meisterturn"]
[Site "Wunsiedel"]
[Date "2013.05.11"]
[Round "6.3"]
[White "Miezis, Normunds"]
[Black "Tischbierek, Raj"]
[Result "1-0"]
[WhiteElo "2543"]
[BlackElo "2433"]
[PlyCount "77"]
[EventDate "2013.05.09"]

1. c4 e6 2. e4 c5 3. Nc3 Nc6 4. Nf3 Nd4 5. Bd3 Ne7 6. Nxd4 cxd4 7. Ne2 Nc6 8.
O-O Be7 9. f4 O-O 10. a3 d5 11. cxd5 exd5 12. e5 f6 13. exf6 Bxf6 14. b4 a5 15.
b5 Ne7 16. Ng3 a4 17. Rb1 g6 18. Rb4 Bg7 19. Rxa4 Rxa4 20. Qxa4 Qd6 21. Qb3
Rxf4 22. a4 Rxf1+ 23. Nxf1 b6 24. Ba3 Qe6 25. a5 bxa5 26. Qa4 Bb7 27. Qxa5 Qd7
28. Bc5 Kf7 29. Ng3 Be5 30. Qb4 Ng8 31. Ne2 Qg4 32. Bd6 Bf6 33. h3 Qh4 34. Bg3
Qg5 35. Bf2 Bc8 36. Kf1 Qh5 37. b6 Bxh3 38. b7 Qf3 39. gxh3 1-0

[Event "7. Wunsiedel Schach-Festival Meisterturn"]
[Site "Wunsiedel"]
[Date "2013.05.11"]
[Round "6.4"]
[White "Maiwald, Jens-Uwe"]
[Black "Pap, Misa"]
[Result "1/2-1/2"]
[WhiteElo "2466"]
[BlackElo "2476"]
[PlyCount "74"]
[EventDate "2013.05.09"]

1. e4 c5 2. d3 g6 3. g3 Bg7 4. Bg2 Nc6 5. f4 d6 6. Nf3 Nf6 7. O-O Rb8 8. h3 b5
9. Nc3 Nd4 10. Nxd4 cxd4 11. Ne2 Qb6 12. g4 Bb7 13. Ng3 Rc8 14. Rf2 h5 15. gxh5
Nxh5 16. Nxh5 Rxh5 17. a4 b4 18. f5 d5 19. a5 Qa6 20. fxg6 Qxg6 21. a6 Ba8 22.
Qg4 Qxg4 23. hxg4 Rh4 24. exd5 Rxg4 25. Kf1 Rc5 26. Ra4 Bxd5 27. Bxd5 Rxd5 28.
Rxb4 Be5 29. Rb7 Ra5 30. Re2 Rxa6 31. Rxe5 Rf6+ 32. Ke2 Rg2+ 33. Kd1 Rf1+ 34.
Re1 Rxe1+ 35. Kxe1 Rg1+ 36. Kd2 Rg2+ 37. Kd1 Rg1+ 1/2-1/2

[Event "7. Wunsiedel Schach-Festival Meisterturn"]
[Site "Wunsiedel"]
[Date "2013.05.11"]
[Round "6.5"]
[White "Del Rio De Angelis, S."]
[Black "Schröder, Jan-Christian"]
[Result "1-0"]
[WhiteElo "2484"]
[BlackElo "2322"]
[PlyCount "61"]
[EventDate "2013.05.09"]

1. d4 d5 2. c4 e6 3. Nc3 Be7 4. Nf3 Nf6 5. e3 O-O 6. b3 b6 7. Bd3 Bb7 8. O-O
Nbd7 9. Bb2 Ne4 10. Qc2 f5 11. Ne2 Bd6 12. Rac1 Qe8 13. Ne5 Nxe5 14. dxe5 Bc5
15. cxd5 Bxd5 16. Nf4 c6 17. Qe2 Be7 18. f3 Nc5 19. Bb1 g5 20. Nh3 Qh5 21. Nf2
Nd7 22. g4 fxg4 23. fxg4 Qh4 24. e4 Bc5 25. exd5 cxd5 26. b4 Bxb4 27. Nd3 Bc5+
28. Kg2 Rac8 29. h3 Be7 30. Rxf8+ Rxf8 31. Rc7 1-0

[Event "7. Wunsiedel Schach-Festival Meisterturn"]
[Site "Wunsiedel"]
[Date "2013.05.11"]
[Round "6.6"]
[White "Lampert, Jonas"]
[Black "Wegerle, Jörg"]
[Result "1/2-1/2"]
[WhiteElo "2333"]
[BlackElo "2435"]
[PlyCount "23"]
[EventDate "2013.05.09"]

1. e4 e6 2. d4 d5 3. Nc3 dxe4 4. Nxe4 Bd7 5. Nf3 Bc6 6. Bd3 Nd7 7. O-O Ngf6 8.
Ng3 g6 9. b3 Bg7 10. Ba3 Bf8 11. Bb2 Bg7 12. Ba3 1/2-1/2

[Event "7. Wunsiedel Schach-Festival Meisterturn"]
[Site "Wunsiedel"]
[Date "2013.05.11"]
[Round "6.7"]
[White "Mihok, Oliver"]
[Black "Plat, Vojtech"]
[Result "1/2-1/2"]
[WhiteElo "2446"]
[BlackElo "2455"]
[PlyCount "44"]
[EventDate "2013.05.09"]

1. e4 c5 2. Nf3 Nc6 3. Nc3 g6 4. d4 cxd4 5. Nxd4 Bg7 6. Be3 Nf6 7. Bc4 Qa5 8.
O-O O-O 9. Bb3 d6 10. h3 Bd7 11. Re1 Rac8 12. Nd5 Rfe8 13. Bd2 Qd8 14. Bc3 Na5
15. Qd2 Nc4 16. Qd3 b5 17. a4 Nxd5 18. exd5 b4 19. Bxc4 bxc3 20. b3 Qb6 21.
Rad1 Qc5 22. Nc6 Bxc6 1/2-1/2

[Event "7. Wunsiedel Schach-Festival Meisterturn"]
[Site "Wunsiedel"]
[Date "2013.05.11"]
[Round "6.8"]
[White "Schulz, Karsten"]
[Black "Schellmann, Frank"]
[Result "1-0"]
[WhiteElo "2298"]
[BlackElo "2107"]
[PlyCount "39"]
[EventDate "2013.05.09"]

1. c4 f5 2. g3 Nf6 3. Bg2 g6 4. Nc3 Bg7 5. d3 d6 6. e4 fxe4 7. dxe4 c5 8. e5
dxe5 9. Qxd8+ Kxd8 10. Nf3 Nc6 11. Be3 Nd4 12. O-O Be6 13. Nxe5 Nd7 14. Nxd7
Kxd7 15. b3 Bg4 16. Rac1 Rab8 17. h3 Bf5 18. g4 Be6 19. Rcd1 Rhd8 20. Bf4 1-0

[Event "7. Wunsiedel Schach-Festival Meisterturn"]
[Site "Wunsiedel"]
[Date "2013.05.11"]
[Round "6.10"]
[White "Rösemann, Rainer"]
[Black "Kunin, Vitaly"]
[Result "0-1"]
[WhiteElo "2280"]
[BlackElo "2503"]
[PlyCount "108"]
[EventDate "2013.05.09"]

1. c4 e5 2. g3 Nc6 3. Bg2 f5 4. Nc3 Nf6 5. d3 Bb4 6. Bd2 O-O 7. a3 Bxc3 8. Bxc3
d6 9. Nf3 Kh8 10. O-O Qe8 11. Nd2 f4 12. Ne4 Qh5 13. e3 Ng4 14. h3 f3 15. Bxf3
Qxh3 16. Bxg4 Bxg4 17. f3 Bf5 18. Qe1 Bxe4 19. dxe4 Rf6 20. Qf2 Raf8 21. Qg2
Qe6 22. Rac1 Nb8 23. f4 Nd7 24. b4 R6f7 25. Bb2 h6 26. Rfd1 b6 27. Rd2 Nf6 28.
f5 Qe8 29. c5 bxc5 30. bxc5 Qa4 31. cxd6 cxd6 32. Rxd6 Nxe4 33. Rdc6 Rxf5 34.
R6c4 Qb3 35. Rxe4 Rf2 36. Qxf2 Rxf2 37. Rc8+ Kh7 38. Kxf2 Qxb2+ 39. Kf3 Qb1 40.
Rec4 Qf1+ 41. Ke4 Qg2+ 42. Kxe5 Qxg3+ 43. Ke4 h5 44. Rf8 Qg2+ 45. Kd3 Qd5+ 46.
Rd4 Qc5 47. Rf7 Qxa3+ 48. Ke4 Qa1 49. Rdd7 a5 50. Kf4 a4 51. Rf5 Qf1+ 52. Ke5
Qe2 53. Ke6 a3 54. Kf7 a2 0-1

[Event "7. Wunsiedel Schach-Festival Meisterturn"]
[Site "Wunsiedel"]
[Date "2013.05.11"]
[Round "6.9"]
[White "Feldtmann, Thomas"]
[Black "Summets, Andrey"]
[Result "0-1"]
[WhiteElo "2290"]
[BlackElo "2590"]
[PlyCount "82"]
[EventDate "2013.05.09"]

1. d4 Nf6 2. c4 e6 3. Nc3 Bb4 4. e3 c5 5. Bd3 O-O 6. Nf3 d5 7. O-O cxd4 8. exd4
dxc4 9. Bxc4 Qc7 10. Qd3 Bxc3 11. bxc3 Nbd7 12. Bb3 b6 13. Bg5 Bb7 14. Bh4 Rac8
15. c4 Be4 16. Qe3 Qb7 17. Rfe1 Rfe8 18. Ne5 Bf5 19. Ba4 Rf8 20. Bxd7 Nxd7 21.
Rac1 Nb8 22. Red1 Na6 23. Rd2 Be4 24. Qg3 Kh8 25. Rc3 f6 26. Qe3 Bxg2 27. d5
Nc5 28. Nc6 Rxc6 29. dxc6 Bxc6 30. f3 e5 31. Bg3 Ne6 32. Kf2 Ng5 33. Qe2 e4 34.
f4 e3+ 35. Rxe3 Ne4+ 36. Rxe4 Bxe4 37. Rd4 Re8 38. Qd2 Qc8 39. Kg1 h6 40. Qd1
Ba8 41. Qd3 Qc6 0-1

[Event "7. Wunsiedel Schach-Festival Meisterturn"]
[Site "Wunsiedel"]
[Date "2013.05.11"]
[Round "6.11"]
[White "Grandadam, Nicolas"]
[Black "Hahn, Markus"]
[Result "1/2-1/2"]
[WhiteElo "2338"]
[BlackElo "2225"]
[PlyCount "49"]
[EventDate "2013.05.09"]

1. Nf3 c5 2. c4 e6 3. d4 cxd4 4. Nxd4 a6 5. Nc3 Qc7 6. e4 Nf6 7. a3 b6 8. Be3
Bb7 9. f3 Be7 10. Be2 O-O 11. O-O d6 12. Qd2 Re8 13. Rfc1 Nbd7 14. a4 Rac8 15.
a5 bxa5 16. Nb3 h5 17. Nxa5 Ba8 18. Kh1 h4 19. Bf1 Ne5 20. Qf2 Qb8 21. Ba7 Qc7
22. Bb6 Qb8 23. Ba7 Qc7 24. Bb6 Qb8 25. Ba7 1/2-1/2

[Event "7. Wunsiedel Schach-Festival Meisterturn"]
[Site "Wunsiedel"]
[Date "2013.05.11"]
[Round "6.12"]
[White "Singer, Christoph"]
[Black "Pohl-Kuemmel, J."]
[Result "1-0"]
[WhiteElo "2349"]
[BlackElo "2296"]
[PlyCount "67"]
[EventDate "2013.05.09"]

1. e4 g6 2. d4 d6 3. Nc3 Bg7 4. Be3 a6 5. a4 b6 6. h3 Bb7 7. g4 Nd7 8. Bg2 e5
9. Nge2 Ne7 10. Ng3 O-O 11. d5 a5 12. Qd2 Nc5 13. h4 Bc8 14. g5 f5 15. gxf6
Rxf6 16. h5 Bd7 17. Bg5 Rf7 18. hxg6 hxg6 19. Rh2 Qf8 20. Be3 Bg4 21. Nge2 Qe8
22. b3 Qd7 23. Ng1 Qe8 24. Nh3 Bf6 25. Ng5 Bxg5 26. Bxg5 Qd7 27. f3 Rxf3 28.
Bxf3 Bxf3 29. Qf2 Bh5 30. Qg3 Kh7 31. Kd2 Rf8 32. Rah1 Nxe4+ 33. Nxe4 Nf5 34.
Qg4 1-0

[Event "7. Wunsiedel Schach-Festival Meisterturn"]
[Site "Wunsiedel"]
[Date "2013.05.11"]
[Round "6.13"]
[White "Berthold, Andreas"]
[Black "Cech, Pavel"]
[Result "0-1"]
[WhiteElo "2144"]
[BlackElo "2395"]
[PlyCount "112"]
[EventDate "2013.05.09"]

1. d4 d5 2. Nf3 Nf6 3. g3 c6 4. Bg2 Bf5 5. O-O e6 6. b3 Nbd7 7. Bb2 Be7 8. Nbd2
Ne4 9. c4 O-O 10. Nxe4 Bxe4 11. Nd2 Bxg2 12. Kxg2 f5 13. e3 Bd6 14. Qe2 Qg5 15.
f4 Qg6 16. c5 Bc7 17. b4 a6 18. a4 Nf6 19. a5 Qh6 20. h4 Kf7 21. Rh1 g6 22. Rh3
Ke7 23. Rah1 Rh8 24. Kf1 Rag8 25. Nf3 Qf8 26. Bc3 h6 27. Be1 Rg7 28. Bf2 Rhg8
29. Ke1 Kd7 30. Kf1 Ne4 31. Nd2 Nf6 32. Nf3 Qf7 33. Ke1 Kc8 34. Kf1 Kb8 35. Ke1
Ka7 36. Kf1 Qf8 37. Ke1 Qe8 38. Kf1 Qf7 39. Ke1 Ne4 40. Nd2 g5 41. hxg5 hxg5
42. Nxe4 dxe4 43. Rh6 gxf4 44. gxf4 e5 45. fxe5 Qb3 46. Qd2 Rd8 47. Rh8 Rxh8
48. Rxh8 Qb1+ 49. Ke2 Rg2 50. Rh7 f4 51. exf4 e3 52. Qxe3 Qxh7 53. d5 Bd8 54.
Kf1 Qh1+ 55. Bg1 Bh4 56. d6 Rxg1+ 0-1

[Event "7. Wunsiedel Schach-Festival Meisterturn"]
[Site "Wunsiedel"]
[Date "2013.05.11"]
[Round "6.14"]
[White "Brem, Stephan"]
[Black "Stips, Felix"]
[Result "0-1"]
[WhiteElo "2074"]
[BlackElo "2283"]
[PlyCount "94"]
[EventDate "2013.05.09"]

1. b3 e5 2. Bb2 Nc6 3. e3 d6 4. g3 f5 5. Bg2 Nf6 6. Ne2 Be7 7. d4 e4 8. h4 O-O
9. Nf4 Bd7 10. c4 Qe8 11. Nc3 Bd8 12. a3 a5 13. Bf1 Ne7 14. h5 g5 15. hxg6 hxg6
16. Be2 g5 17. Bh5 Nxh5 18. Qxh5 Qxh5 19. Nxh5 Ng6 20. O-O-O c6 21. d5 Be7 22.
g4 Ne5 23. dxc6 bxc6 24. Nxe4 Nxg4 25. Nxg5 Bxg5 26. Rxd6 Be8 27. Ng7 Nxf2 28.
Re1 Ne4 29. Nxe8 Rfxe8 30. Rxc6 Kf7 31. Bd4 Re6 32. Rc7+ Re7 33. Rc6 Rd7 34.
Rf1 Ng3 35. Rf3 Ne2+ 36. Kc2 Nxd4+ 37. exd4 f4 38. Rc5 Kf6 39. Kc3 Re7 40. Kd3
Re1 41. b4 axb4 42. axb4 Ra3+ 43. Kd2 Ree3 44. Rxe3 fxe3+ 45. Ke1 Ra1+ 46. Ke2
Ra2+ 47. Kf3 Rf2+ 0-1

[Event "7. Wunsiedel Schach-Festival Meisterturn"]
[Site "Wunsiedel"]
[Date "2013.05.11"]
[Round "6.15"]
[White "Lorenz, Mark"]
[Black "Klek, Hanna Marie"]
[Result "0-1"]
[WhiteElo "2243"]
[BlackElo "2267"]
[PlyCount "50"]
[EventDate "2013.05.09"]

1. c4 e5 2. Nc3 Nc6 3. Nf3 f5 4. d3 Nf6 5. g3 Bb4 6. Bg2 O-O 7. O-O Bxc3 8.
bxc3 d6 9. Rb1 Qe8 10. c5 dxc5 11. Ba3 e4 12. dxe4 fxe4 13. Ng5 Qe5 14. Qb3+
Kh8 15. h4 h6 16. Nh3 b6 17. Nf4 Bf5 18. h5 Rad8 19. Bh3 Nxh5 20. e3 Nxf4 21.
exf4 Qf6 22. Bxf5 Qxf5 23. Rbe1 Qg6 24. Qa4 Rxf4 25. Bc1 Rg4 0-1

[Event "7. Wunsiedel Schach-Festival Meisterturn"]
[Site "Wunsiedel"]
[Date "2013.05.11"]
[Round "6.16"]
[White "Keller, Peter"]
[Black "Hilverda, Alexander"]
[Result "1-0"]
[WhiteElo "2065"]
[BlackElo "2339"]
[PlyCount "67"]
[EventDate "2013.05.09"]

1. e4 c5 2. Nf3 e6 3. d4 cxd4 4. Nxd4 a6 5. Nc3 Qc7 6. Be2 Nf6 7. a3 b5 8. f4
d6 9. O-O Bb7 10. Bf3 Nbd7 11. Kh1 Be7 12. Qe1 O-O 13. Qg3 Rab8 14. f5 e5 15.
Bh6 Ne8 16. Nb3 Kh8 17. Be3 Nb6 18. Nd2 Nf6 19. Rae1 Rfe8 20. Qf2 Nc4 21. Nxc4
Qxc4 22. Bc1 Qc7 23. g4 Bc6 24. g5 Nd7 25. Qh4 Qd8 26. Bg4 b4 27. axb4 Rxb4 28.
f6 gxf6 29. Bxd7 Qxd7 30. gxf6 Bf8 31. Rg1 Qf5 32. Qg3 Qg6 33. Qf3 Rxe4 34.
Nxe4 1-0